Statistics for Yakuza Kiwami

Click here to take the quiz!

General Stats

  • This quiz has been taken 129 times
  • The average score is 9 of 11

Answer Stats

HintAnswer% Correct
_____ Everywhere?Majima
99%
Main Character's adopted daughterHaruka
98%
Main CharacterKazuma Kiryu
95%
Main Character's sworn brotherAkira Nishikiyama
94%
Final boss battleAkira Nishikiyama
94%
Main Character's "sister"Yumi/Mizuki
91%
Big Tower built on the Empty LotMillenium Tower
82%
Where did the Main Character grow up?Sunflower
80%
2nd last boss battleKyohei Jingu
77%
Clown who gives you stuffBob Utsunomiya
75%
Name a karaoke song from this game.TONIGHT / Bakamitai Sorrow / Iji Sakura 2000
40%

Score Distribution

Percentile by Number Answered

Percent of People with Each Score

Your Score History

You have not taken this quiz